14 Peaks - Statistics

General Stats
  • This quiz has been taken 1,828 times
  • The average score is 6 of 14
Answer Stats
Elevation Mountain % Correct
8,848 m Mt Everest
100%
8,611 m K2
97%
8,091 m Annapurna I
51%
8,516 m Lhotse
42%
8,586 m Kangchenjunga
41%
8,035 m Gasherbrum II
31%
8,080 m Gasherbrum I
30%
8,126 m Nanga Parbat
30%
8,051 m Broad Peak
28%
8,485 m Makalu
27%
8,188 m Cho Oyu
26%
8,163 m Manaslu
26%
8,167 m Dhaulagiri I
21%
8,027 m Shishapangma
21%
No matching quizzes found
Score Distribution
Percent of People with Each Score
Percentile by Number Answered
Your Score History
You have not taken this quiz